Educación cívica 1 /
Guardado en:
| Autor Principal: | |
|---|---|
| Otros Autores: | , , , |
| Formato: | Libro |
| Publicado: |
Buenos Aires :
Santillana,
1988
|
| Materias: | |
| Etiquetas: |
Agregar Etiqueta
Sin Etiquetas, Sea el primero en etiquetar este registro!
|
| LEADER | 01041nam a22002295a 4500 | ||
|---|---|---|---|
| 001 | CEM.cems015764 | ||
| 005 | 20110527111829.0 | ||
| 008 | 130507s1988##################000#0#####d | ||
| 003 | CEMS | ||
| 020 | |a 9504603130 | ||
| 082 | 0 | 4 | |a 320 |
| 100 | 1 | |a Casullo, Alicia B. | |
| 245 | 1 | 0 | |a Educación cívica 1 / |c Alicia B Casullo ... [et Al.] |
| 260 | |a Buenos Aires : |b Santillana, |c 1988 | ||
| 300 | |a 128 p. | ||
| 505 | 0 | |a La educación cívica -- El ser humano en sociedad -- La persona: un ser social -- La familia -- Los pequeños grupos -- La escuela -- La comunidad vecinal -- Los cambios en las costumbres -- La dignidad humana -- Las comunidades políticas -- El régimen municipal -- Historia del régimen municipal argentino -- Historia del régimen federal argentino -- El régimen federal argentino | |
| 653 | |a Educación cívica-1º egb | ||
| 700 | 1 | |a Bordone, Gabriel | |
| 700 | 1 | |a Jitric, Patricia L. | |
| 700 | 1 | |a Ternavasio, Marcela | |
| 700 | 1 | |a Rasnosky, Judith | |
| 859 | |a CEMS |b BIB. CEMS - Agricultura |h 320 |i C279 |p A18855.96 |t Ej.1 |v 1 |3 1 | ||
